[Event "Teplice op 8th"]
[Site "Teplice"]
[Date "2013.06.19"]
[Round "5"]
[White "Hadraba, Vladimir"]
[Black "Berry, Stephen H"]
[Result "0-1"]
[WhiteElo "2216"]
[BlackElo "2330"]
[PlyCount "102"]
[EventDate "2013.06.15"]
[EventType "swiss"]
[EventRounds "9"]
[EventCountry "CZE"]
[SourceTitle "CBM 155 Extra"]
[Source "ChessBase"]
[SourceDate "2013.08.26"]
[SourceVersion "1"]
[SourceVersionDate "2013.08.26"]
[SourceQuality "1"]

1. e4 e5 2. Nf3 d6 3. d4 exd4 4. Nxd4 Nf6 5. Nc3 Be7 6. Be2 O-O 7. O-O Re8 8.
f4 Bf8 9. Bf3 c5 10. Nb3 Nc6 11. Re1 a6 12. a4 Nb4 13. Be3 Be6 14. Bf2 Rc8 15.
Qd2 Bg4 16. Bxg4 Nxg4 17. Bg3 b6 18. Rad1 c4 19. Nd4 d5 20. e5 Bc5 21. Ncb5 h5
22. h3 h4 23. Bf2 Nxf2 24. Qxf2 Rc6 25. Nd6 Rxd6 26. exd6 Rxe1+ 27. Rxe1 Bxd6
28. Re2 Bc5 29. c3 Nd3 30. Qf3 g6 31. Kh1 Qf6 32. f5 Bxd4 33. cxd4 Qxf5 34.
Qxf5 gxf5 35. Re8+ Kg7 36. Rb8 Nxb2 37. Rxb6 c3 38. Rb3 Nd1 39. Rb7 Ne3 40. Rb1
Kg6 41. Kg1 c2 42. Rc1 Kg5 43. Kf2 Kf4 44. Ke2 Ke4 45. Kd2 Kxd4 46. Re1 f4 47.
Re2 Ke4 48. Rf2 d4 49. Re2 d3 50. Rf2 Nc4+ 51. Kc1 Ke3 0-1

[Event "Teplice op 8th"]
[Site "Teplice"]
[Date "2013.06.20"]
[Round "6"]
[White "Berry, Stephen H"]
[Black "Baumegger, Siegfried"]
[Result "1/2-1/2"]
[WhiteElo "2330"]
[BlackElo "2474"]
[PlyCount "84"]
[EventDate "2013.06.15"]
[EventType "swiss"]
[EventRounds "9"]
[EventCountry "CZE"]
[SourceTitle "CBM 155 Extra"]
[Source "ChessBase"]
[SourceDate "2013.08.26"]
[SourceVersion "1"]
[SourceVersionDate "2013.08.26"]
[SourceQuality "1"]

1. Nf3 c5 2. c4 g6 3. Nc3 Bg7 4. g3 Nc6 5. Bg2 e6 6. d3 Nge7 7. Bg5 h6 8. Bd2
O-O 9. O-O d6 10. a3 e5 11. Rb1 a5 12. Ne1 Be6 13. Nc2 d5 14. cxd5 Nxd5 15. Ne3
Nde7 16. Na4 b6 17. b4 cxb4 18. axb4 Ra7 19. bxa5 bxa5 20. Nc5 Qd6 21. Nxe6
Qxe6 22. Qa4 Nd4 23. Rfe1 Rc8 24. Nc4 Qg4 25. Be3 Kh7 26. h3 Qe6 27. Bxd4 exd4
28. Rb5 Nf5 29. Rxa5 Rxa5 30. Qxa5 Qe7 31. h4 h5 32. Qd5 Rc5 33. Qe4 Qc7 34.
Rb1 Nd6 35. Nxd6 Qxd6 36. Rb7 Rc7 37. Rxc7 Qxc7 38. Bf3 Kg8 39. Qe8+ Bf8 40.
Kg2 Qe7 41. Qa8 Kg7 42. Be4 Qe5 1/2-1/2

[Event "Teplice op 8th"]
[Site "Teplice"]
[Date "2013.06.22"]
[Round "8"]
[White "Berry, Stephen H"]
[Black "Hrbolka, Ladislav"]
[Result "0-1"]
[WhiteElo "2330"]
[BlackElo "2133"]
[PlyCount "64"]
[EventDate "2013.06.15"]
[EventType "swiss"]
[EventRounds "9"]
[EventCountry "CZE"]
[SourceTitle "CBM 155 Extra"]
[Source "ChessBase"]
[SourceDate "2013.08.26"]
[SourceVersion "1"]
[SourceVersionDate "2013.08.26"]
[SourceQuality "1"]

1. c4 Nf6 2. Nc3 c5 3. g3 Nc6 4. Bg2 g6 5. Nf3 Bg7 6. d4 cxd4 7. Nxd4 O-O 8.
O-O Qb6 9. Nb3 d6 10. Be3 Qb4 11. c5 Ng4 12. Bd2 Nge5 13. Ne4 Qa4 14. cxd6 exd6
15. Bc3 Rd8 16. Qc1 Bf5 17. Ned2 d5 18. Nf3 Nxf3+ 19. Bxf3 d4 20. Qf4 Bh3 21.
Rfd1 g5 22. Qxg5 dxc3 23. bxc3 h6 24. Qh5 Be6 25. Kg2 Rxd1 26. Rxd1 Rd8 27.
Rxd8+ Nxd8 28. Nc5 Qxa2 29. Qh4 Qa5 30. Ne4 Nc6 31. Nf6+ Bxf6 32. Qxf6 Qg5 0-1

[Event "Teplice op 8th"]
[Site "Teplice"]
[Date "2013.06.24"]
[Round "9"]
[White "Jensen, Leif Haugaard"]
[Black "Berry, Stephen H"]
[Result "1/2-1/2"]
[WhiteElo "2029"]
[BlackElo "2330"]
[PlyCount "93"]
[EventDate "2013.06.15"]
[EventType "swiss"]
[EventRounds "9"]
[EventCountry "CZE"]
[SourceTitle "CBM 155 Extra"]
[Source "ChessBase"]
[SourceDate "2013.08.26"]
[SourceVersion "1"]
[SourceVersionDate "2013.08.26"]
[SourceQuality "1"]

1. e4 e5 2. Nc3 Nf6 3. f4 d5 4. fxe5 Nxe4 5. Nf3 Bc5 6. d4 Bb4 7. Qd3 O-O 8.
Bd2 Bf5 9. Qe3 c5 10. Nxe4 dxe4 11. Bxb4 cxb4 12. Nd2 Nc6 13. c3 bxc3 14. bxc3
Rc8 15. Bc4 Qh4+ 16. g3 Qh3 17. Bf1 Qh5 18. Be2 Qg6 19. O-O Ne7 20. c4 b5 21.
d5 bxc4 22. Bxc4 Bh3 23. Rfc1 Nf5 24. Qxe4 Qb6+ 25. Kh1 Qf2 26. Nf1 Nd4 27. Ne3
Nf3 28. Rc2 Rxc4 29. Rxf2 Rxe4 30. Rxf3 Rxe5 31. Kg1 Rfe8 32. Kf2 h5 33. Re1
Rb8 34. Re2 Kf8 35. Rd2 Bd7 36. Nc4 Rf5 37. Rxf5 Bxf5 38. Ke3 f6 39. Kd4 Ke7
40. Re2+ Kd7 41. Re3 Bh3 42. Ra3 Rb7 43. Ra6 Bf1 44. Rd6+ Ke7 45. Re6+ Kd7 46.
Rd6+ Ke7 47. Re6+ 1/2-1/2

[Event "Paignton Premier"]
[Site "Paignton"]
[Date "2013.09.01"]
[Round "1"]
[White "Wells, Jonathan C"]
[Black "Berry, Stephen H"]
[Result "1/2-1/2"]
[WhiteElo "2013"]
[BlackElo "2311"]
[PlyCount "40"]
[EventDate "2013.09.01"]
[EventType "swiss"]
[EventRounds "7"]
[EventCountry "ENG"]
[SourceTitle "EXT 2016"]
[Source "ChessBase"]
[SourceDate "2015.10.08"]
[SourceVersion "1"]
[SourceVersionDate "2015.10.08"]
[SourceQuality "1"]

1. d4 Nf6 2. c4 e6 3. g3 d5 4. Bg2 dxc4 5. Nf3 a6 6. O-O Nc6 7. Nc3 Rb8 8. e4
Be7 9. Qe2 b5 10. Rd1 Nb4 11. Ne5 Nd7 12. Qg4 g6 13. Bh6 Nxe5 14. dxe5 Nd3 15.
Bf1 Bb7 16. Qf3 Bf8 17. Bxf8 Kxf8 18. Bxd3 cxd3 19. Rxd3 Qe7 20. Rad1 Bc6
1/2-1/2

[Event "Paignton Premier"]
[Site "Paignton"]
[Date "2013.09.02"]
[Round "2"]
[White "Berry, Stephen H"]
[Black "Brusey, Alan"]
[Result "1-0"]
[WhiteElo "2311"]
[BlackElo "1959"]
[PlyCount "105"]
[EventDate "2013.09.01"]
[EventType "swiss"]
[EventRounds "7"]
[EventCountry "ENG"]
[SourceTitle "EXT 2016"]
[Source "ChessBase"]
[SourceDate "2015.10.08"]
[SourceVersion "1"]
[SourceVersionDate "2015.10.08"]
[SourceQuality "1"]

1. Nf3 d5 2. c4 c6 3. g3 Nf6 4. Bg2 e6 5. b3 Be7 6. O-O O-O 7. Bb2 Nbd7 8. d3
b6 9. Nbd2 Bb7 10. Qc2 c5 11. e4 d4 12. Rae1 a5 13. a4 Nb8 14. Bc1 Nc6 15. Re2
Qc7 16. Rfe1 h6 17. e5 Nd7 18. Nf1 Rab8 19. h4 Nb4 20. Qd1 Bc6 21. N1h2 Qb7 22.
Bf4 Rfe8 23. Qd2 Nf8 24. g4 Kh7 25. Bg3 g5 26. h5 Rbd8 27. Rf1 f5 28. exf6 Bxf6
29. Ne1 e5 30. Be4+ Bxe4 31. Rxe4 Ne6 32. Nc2 Nc6 33. Na3 Nf4 34. Nb5 Qd7 35.
Rfe1 Nb4 36. Bxf4 gxf4 37. Qe2 Rg8 38. Kg2 Rg5 39. Rh1 Rdg8 40. Kf1 Nc6 41. Ke1
Nb8 42. Kd2 Qc6 43. Re1 Nd7 44. Qf3 Qa8 45. Nd6 Qf8 46. Nf5 Bd8 47. Rxe5 Nxe5
48. Rxe5 Qf6 49. Qe4 Kh8 50. Nf3 Rxf5 51. Rxf5 Qg7 52. Ne5 Bg5 53. Nf7+ 1-0

[Event "Paignton Premier"]
[Site "Paignton"]
[Date "2013.09.03"]
[Round "3"]
[White "Brown, Alan M"]
[Black "Berry, Stephen H"]
[Result "0-1"]
[WhiteElo "2087"]
[BlackElo "2311"]
[PlyCount "70"]
[EventDate "2013.09.01"]
[EventType "swiss"]
[EventRounds "7"]
[EventCountry "ENG"]
[SourceTitle "EXT 2016"]
[Source "ChessBase"]
[SourceDate "2015.10.08"]
[SourceVersion "1"]
[SourceVersionDate "2015.10.08"]
[SourceQuality "1"]

1. d4 Nf6 2. c4 e6 3. Nf3 b6 4. g3 Bb7 5. Bg2 Be7 6. O-O O-O 7. Nc3 Ne4 8. Qc2
Nxc3 9. Qxc3 d6 10. b3 Nd7 11. Bb2 Nf6 12. Rad1 Be4 13. d5 e5 14. Nd2 Bxg2 15.
Kxg2 Nd7 16. e4 Bf6 17. Qc2 Qe7 18. Nb1 g6 19. f3 Bg5 20. Nc3 a6 21. Ne2 f5 22.
g4 fxg4 23. fxg4 Be3 24. Ng3 Qg5 25. Qe2 Bf4 26. Rd3 Rf7 27. h3 Raf8 28. Bc3
Nc5 29. Rdf3 a5 30. Be1 Kg7 31. Kh1 Bxg3 32. Rxf7+ Rxf7 33. Rxf7+ Kxf7 34. Bxg3
Qc1+ 35. Kg2 Qb1 0-1

[Event "Paignton Premier"]
[Site "Paignton"]
[Date "2013.09.05"]
[Round "5"]
[White "Mackle, Dominic"]
[Black "Berry, Stephen H"]
[Result "1/2-1/2"]
[WhiteElo "2247"]
[BlackElo "2311"]
[PlyCount "80"]
[EventDate "2013.09.01"]
[EventType "swiss"]
[EventRounds "7"]
[EventCountry "ENG"]
[SourceTitle "EXT 2016"]
[Source "ChessBase"]
[SourceDate "2015.10.08"]
[SourceVersion "1"]
[SourceVersionDate "2015.10.08"]
[SourceQuality "1"]

1. d4 Nf6 2. c4 d6 3. Nf3 Nbd7 4. Nc3 e5 5. e4 Be7 6. Be2 O-O 7. O-O c6 8. Qc2
a6 9. Rd1 Qc7 10. b3 Re8 11. Bb2 b5 12. cxb5 cxb5 13. Rac1 Bb7 14. Qb1 Qb6 15.
b4 Rac8 16. d5 Bd8 17. Rf1 Qa7 18. Nd1 Bb6 19. Bc3 Qb8 20. Bd2 Rxc1 21. Bxc1
Rc8 22. Ne3 g6 23. h3 Qc7 24. Bd2 Qd8 25. Bd3 Nh5 26. Ng4 Rc7 27. Rc1 Nf4 28.
Rxc7 Qxc7 29. Bxf4 exf4 30. Qb2 h5 31. Nh6+ Kf8 32. Nxf7 Bxf2+ 33. Kf1 Kxf7 34.
Ng5+ Kg8 35. Ne6 Bd4 36. Qxd4 Qc1+ 37. Ke2 Ne5 38. Kf2 Qd2+ 39. Be2 Qxd4+ 40.
Nxd4 Bc8 1/2-1/2

[Event "Paignton Premier"]
[Site "Paignton"]
[Date "2013.09.06"]
[Round "6"]
[White "Berry, Stephen H"]
[Black "Dilleigh, Stephen P"]
[Result "1-0"]
[WhiteElo "2311"]
[BlackElo "2135"]
[PlyCount "67"]
[EventDate "2013.09.01"]
[EventType "swiss"]
[EventRounds "7"]
[EventCountry "ENG"]
[SourceTitle "EXT 2016"]
[Source "ChessBase"]
[SourceDate "2015.10.08"]
[SourceVersion "1"]
[SourceVersionDate "2015.10.08"]
[SourceQuality "1"]

1. c4 e5 2. Nc3 Bb4 3. Nf3 Bxc3 4. dxc3 Nc6 5. e4 d6 6. Bd3 Nge7 7. Nh4 O-O 8.
Qf3 f6 9. g4 Qe8 10. Rg1 Nd8 11. Be3 Ne6 12. O-O-O Ng6 13. Nxg6 Qxg6 14. h4 Qe8
15. Qg3 Qe7 16. Kb1 b6 17. f3 Bd7 18. Rd2 Rae8 19. Rh2 g5 20. c5 Nxc5 21. Bc2
Rf7 22. Rgh1 Rg7 23. hxg5 fxg5 24. Rh6 Ne6 25. Bb3 Kf8 26. R1h5 Nf4 27. Bxf4
exf4 28. Qh3 Qe5 29. Rxh7 Qc5 30. a3 Be6 31. Bxe6 Rxe6 32. Rxg7 Kxg7 33. Rh7+
Kf8 34. Rh8+ 1-0

[Event "Paignton Premier"]
[Site "Paignton"]
[Date "2013.09.07"]
[Round "7"]
[White "Rayner, Francis"]
[Black "Berry, Stephen H"]
[Result "1/2-1/2"]
[WhiteElo "2181"]
[BlackElo "2311"]
[PlyCount "22"]
[EventDate "2013.09.01"]
[EventType "swiss"]
[EventRounds "7"]
[EventCountry "ENG"]
[SourceTitle "EXT 2016"]
[Source "ChessBase"]
[SourceDate "2015.10.08"]
[SourceVersion "1"]
[SourceVersionDate "2015.10.08"]
[SourceQuality "1"]

1. e4 e5 2. Nf3 Nc6 3. Bb5 a6 4. Ba4 d6 5. Bxc6+ bxc6 6. d4 f6 7. Nc3 Ne7 8.
Be3 Ng6 9. Qd3 Be7 10. Qc4 Bd7 11. O-O-O Qb8 1/2-1/2

[Event "Leuven op 25th"]
[Site "Leuven"]
[Date "2013.11.11"]
[Round "1"]
[White "Lee, Deon"]
[Black "Berry, Stephen H"]
[Result "0-1"]
[WhiteElo "1863"]
[BlackElo "2311"]
[PlyCount "136"]
[EventDate "2013.11.08"]
[EventType "swiss"]
[EventRounds "7"]
[EventCountry "BEL"]
[SourceTitle "EXT 2014"]
[Source "ChessBase"]
[SourceDate "2013.11.20"]
[SourceVersion "1"]
[SourceVersionDate "2013.11.20"]
[SourceQuality "1"]

1. e4 e5 2. Nf3 d6 3. d4 exd4 4. Nxd4 Nf6 5. Nc3 Be7 6. Be2 O-O 7. O-O Re8 8.
Re1 Bf8 9. Bf3 Nbd7 10. Bg5 c6 11. Qd2 h6 12. Bh4 Ne5 13. Rad1 Be7 14. Bg3 Qb6
15. Qc1 Nh7 16. Be2 Nf8 17. Kh1 Nfg6 18. Nf5 Bxf5 19. exf5 Nh4 20. Bxh4 Bxh4
21. Rxd6 Bxf2 22. Red1 Be3 23. Qb1 Qb4 24. g3 Ng4 25. Bxg4 Qxg4 26. Rf1 Rad8
27. Qd1 Qg5 28. f6 Rxd6 29. Qxd6 gxf6 30. Qxf6 Qxf6 31. Rxf6 Bd4 32. Rf3 Re1+
33. Kg2 Rc1 34. Kh3 Rxc2 35. Ne4 Rxb2 36. Nd6 Rxa2 37. Nxf7 h5 38. Kh4 Rxh2+
39. Kg5 Rf2 40. Nh6+ Kh7 41. Rb3 Bf6+ 42. Kxh5 Rh2+ 43. Kg4 Kxh6 44. Rxb7 a5
45. Ra7 Kg6 46. Rxa5 Rc2 47. Kf3 Rc3+ 48. Ke2 Rxg3 49. Ra6 Rc3 50. Kd2 Kf5 51.
Ra5+ Ke4 52. Ra6 Bd4 53. Ra8 Rh3 54. Re8+ Kd5 55. Rg8 c5 56. Rg5+ Kc4 57. Rg2
Ra3 58. Rg8 Ra2+ 59. Kc1 Rh2 60. Rf8 Kd3 61. Rf3+ Be3+ 62. Kb1 c4 63. Rf8 c3
64. Rd8+ Bd4 65. Rc8 Rh1+ 66. Ka2 c2 67. Rb8 Ra1+ 68. Kb3 Rb1+ 0-1

[Event "Leuven op 25th"]
[Site "Leuven"]
[Date "2013.11.09"]
[Round "2"]
[White "Berry, Stephen H"]
[Black "De Block, Yordi"]
[Result "1/2-1/2"]
[WhiteElo "2311"]
[BlackElo "1843"]
[PlyCount "164"]
[EventDate "2013.11.08"]
[EventType "swiss"]
[EventRounds "7"]
[EventCountry "BEL"]
[SourceTitle "EXT 2014"]
[Source "ChessBase"]
[SourceDate "2013.11.20"]
[SourceVersion "1"]
[SourceVersionDate "2013.11.20"]
[SourceQuality "1"]

1. b3 d5 2. Bb2 Bf5 3. e3 e6 4. f4 Nf6 5. Nf3 Be7 6. Nc3 O-O 7. Ne2 c5 8. Ng3
Bg4 9. Be2 Nc6 10. O-O Nh5 11. Nh1 f5 12. Nf2 Nf6 13. Nxg4 Nxg4 14. h3 Nf6 15.
Ne5 Nxe5 16. Bxe5 Ne4 17. d3 Ng3 18. Rf3 Nxe2+ 19. Qxe2 Bf6 20. Bxf6 Qxf6 21.
Re1 Rad8 22. a4 Rd6 23. e4 Qd4+ 24. Kh2 fxe4 25. dxe4 dxe4 26. Qxe4 Qxe4 27.
Rxe4 Rf6 28. Rc3 b6 29. a5 Rd2 30. axb6 axb6 31. Rd3 Rxc2 32. Rd8+ Kf7 33. Rd7+
Kf8 34. Ra4 Ke8 35. Rxg7 Kf8 36. Rxh7 Kg8 37. Rb7 Rf7 38. Raa7 Rxf4 39. Rxb6
Re2 40. Rc7 Re5 41. Re7 Rf6 42. Rc6 Kf8 43. Ra7 Rf7 44. Ra5 Rff5 45. Rc7 Kg8
46. h4 Re4 47. g3 Rb4 48. Ra8+ Rf8 49. Ra6 Re8 50. Rxc5 Rxb3 51. Rc7 Rb4 52.
Kh3 e5 53. Rg6+ Kh8 54. Rgg7 Rbb8 55. h5 Rb6 56. Rge7 Re6 57. Rxe8+ Rxe8 58.
Kg2 e4 59. Kf2 Rf8+ 60. Kg2 Re8 61. g4 e3 62. Rc1 Kg7 63. Kf3 Kh6 64. Re1 Rf8+
65. Kxe3 Kg5 66. Rg1 Rf6 67. Rg2 Ra6 68. Kf3 Ra3+ 69. Kf2 Ra1 70. Kg3 Ra3+ 71.
Kh2 Ra5 72. Kh3 Ra3+ 73. Rg3 Ra5 74. Rf3 Rb5 75. Kg3 Ra5 76. Rb3 Rc5 77. Kf3
Ra5 78. Rb6 Ra3+ 79. Ke4 Kxg4 80. h6 Kg5 81. h7 Rh3 82. Rb7 Kg6 1/2-1/2

[Event "Leuven op 25th"]
[Site "Leuven"]
[Date "2013.11.09"]
[Round "3"]
[White "Geboers, Jimmy"]
[Black "Berry, Stephen H"]
[Result "0-1"]
[WhiteElo "1889"]
[BlackElo "2311"]
[PlyCount "96"]
[EventDate "2013.11.08"]
[EventType "swiss"]
[EventRounds "7"]
[EventCountry "BEL"]
[SourceTitle "EXT 2014"]
[Source "ChessBase"]
[SourceDate "2013.11.20"]
[SourceVersion "1"]
[SourceVersionDate "2013.11.20"]
[SourceQuality "1"]

1. c4 e5 2. Nc3 d6 3. g3 f5 4. Bg2 Nf6 5. d3 Be7 6. e4 c6 7. f4 O-O 8. Nge2 Na6
9. O-O Qb6+ 10. d4 exd4 11. Qxd4 fxe4 12. Nxe4 Be6 13. Nd2 d5 14. Qxb6 axb6 15.
cxd5 Bc5+ 16. Kh1 Bxd5 17. Bxd5+ cxd5 18. Nb3 Rfe8 19. Nc3 Nc7 20. Rd1 Re7 21.
f5 Ne4 22. Nxe4 dxe4 23. Bf4 Ne8 24. Nxc5 bxc5 25. Rd5 b6 26. Bg5 Nf6 27. Bxf6
gxf6 28. Kg2 Kf7 29. Kf2 Ra4 30. Ke3 Raa7 31. a3 Rac7 32. Rc1 Kg7 33. Rc4 Kh6
34. Rxe4 Rxe4+ 35. Kxe4 Kg5 36. Rd6 c4 37. Rxb6 c3 38. bxc3 Rxc3 39. h4+ Kg4
40. Rxf6 Rxa3 41. Rh6 Ra4+ 42. Ke5 Ra5+ 43. Ke6 Ra6+ 44. Ke7 Rxh6 45. f6 Rh5
46. f7 Re5+ 47. Kf6 Rf5+ 48. Kg7 h5 0-1

[Event "Leuven op 25th"]
[Site "Leuven"]
[Date "2013.11.10"]
[Round "4"]
[White "Berry, Stephen H"]
[Black "Da Ces, Philippe"]
[Result "1-0"]
[WhiteElo "2311"]
[BlackElo "2000"]
[PlyCount "61"]
[EventDate "2013.11.08"]
[EventType "swiss"]
[EventRounds "7"]
[EventCountry "BEL"]
[SourceTitle "EXT 2014"]
[Source "ChessBase"]
[SourceDate "2013.11.20"]
[SourceVersion "1"]
[SourceVersionDate "2013.11.20"]
[SourceQuality "1"]

1. c4 Nf6 2. Nc3 c6 3. e4 d5 4. cxd5 cxd5 5. e5 Ne4 6. Nxe4 dxe4 7. Qa4+ Nc6 8.
Qxe4 Be6 9. Nf3 g6 10. Bb5 Bd5 11. Qf4 Bg7 12. O-O O-O 13. Bxc6 Bxc6 14. d4
Bxf3 15. gxf3 f6 16. Qe4 fxe5 17. dxe5 Rf5 18. f4 Qd7 19. Be3 Rd8 20. Rfd1
Qxd1+ 21. Rxd1 Rxd1+ 22. Kg2 b6 23. Qa8+ Kf7 24. Qxa7 g5 25. Qxb6 e6 26. Qc7+
Kg6 27. Qe7 gxf4 28. Qxe6+ Bf6 29. Bxf4 Rxf4 30. exf6 Rd2 31. f7+ 1-0

[Event "Leuven op 25th"]
[Site "Leuven"]
[Date "2013.11.10"]
[Round "5"]
[White "Goossens, Roel"]
[Black "Berry, Stephen H"]
[Result "1-0"]
[WhiteElo "2088"]
[BlackElo "2311"]
[PlyCount "71"]
[EventDate "2013.11.08"]
[EventType "swiss"]
[EventRounds "7"]
[EventCountry "BEL"]
[SourceTitle "EXT 2014"]
[Source "ChessBase"]
[SourceDate "2013.11.20"]
[SourceVersion "1"]
[SourceVersionDate "2013.11.20"]
[SourceQuality "1"]

1. Nf3 Nf6 2. c4 e6 3. g3 b6 4. Bg2 Bb7 5. O-O Be7 6. Nc3 O-O 7. b3 d5 8. e3
dxc4 9. bxc4 c5 10. Bb2 Nc6 11. Qe2 Rc8 12. Ne1 Qd7 13. f4 Rfd8 14. d3 Nb4 15.
Bxb7 Qxb7 16. g4 Qd7 17. g5 Ne8 18. Rf3 e5 19. fxe5 Bxg5 20. Kh1 Bh4 21. Ng2
Be7 22. e4 Nc7 23. Nd5 Ne6 24. Nge3 Bg5 25. Rg1 Bxe3 26. Nf6+ Kh8 27. Rxg7 Nxg7
28. Nxd7 Rxd7 29. e6 fxe6 30. Qxe3 Rg8 31. Qh6 Nxd3 32. Qxe6 Nxb2 33. Qxd7 Nxc4
34. Qd5 b5 35. Qxc5 Nd2 36. Rf8 1-0

[Event "Leuven op 25th"]
[Site "Leuven"]
[Date "2013.11.11"]
[Round "6"]
[White "Berry, Stephen H"]
[Black "Bomans, Arno"]
[Result "1/2-1/2"]
[WhiteElo "2311"]
[BlackElo "2197"]
[PlyCount "56"]
[EventDate "2013.11.08"]
[EventType "swiss"]
[EventRounds "7"]
[EventCountry "BEL"]
[SourceTitle "EXT 2014"]
[Source "ChessBase"]
[SourceDate "2013.11.20"]
[SourceVersion "1"]
[SourceVersionDate "2013.11.20"]
[SourceQuality "1"]

1. c4 b6 2. Nc3 Bb7 3. e4 e6 4. Nge2 c5 5. g3 d6 6. Bg2 Be7 7. O-O a6 8. d3 Qc7
9. f4 Nf6 10. h3 h5 11. Be3 Nbd7 12. a3 Rd8 13. Qd2 d5 14. exd5 exd5 15. cxd5
b5 16. f5 O-O 17. Bf4 Bd6 18. Ne4 Be5 19. d6 Qb6 20. Nxf6+ Bxf6 21. Bxb7 Qxb7
22. Nc3 Rfe8 23. Rae1 Bd4+ 24. Kh2 Nf6 25. Ne4 Nxe4 26. dxe4 Rxe4 27. b4 Rde8
28. bxc5 Bxc5 1/2-1/2

[Event "Leuven op 25th"]
[Site "Leuven"]
[Date "2013.11.11"]
[Round "7"]
[White "Delanoeije, Patrick"]
[Black "Berry, Stephen H"]
[Result "0-1"]
[WhiteElo "2018"]
[BlackElo "2311"]
[PlyCount "80"]
[EventDate "2013.11.08"]
[EventType "swiss"]
[EventRounds "7"]
[EventCountry "BEL"]
[SourceTitle "EXT 2014"]
[Source "ChessBase"]
[SourceDate "2013.11.20"]
[SourceVersion "1"]
[SourceVersionDate "2013.11.20"]
[SourceQuality "1"]

1. d4 Nf6 2. c4 e6 3. Nf3 d5 4. Bg5 Bb4+ 5. Nc3 O-O 6. e3 Nbd7 7. Nd2 c6 8. Qc2
Re8 9. Be2 Be7 10. O-O Nf8 11. Rac1 Ng6 12. Bd3 dxc4 13. Nxc4 Nd5 14. Bxe7 Qxe7
15. a3 Nxc3 16. Qxc3 Rd8 17. Qc2 Bd7 18. Qe2 Rac8 19. f4 c5 20. Ne5 cxd4 21.
Bxg6 hxg6 22. exd4 Qd6 23. Rcd1 Qd5 24. Rfe1 Bb5 25. Qf2 Rc7 26. Rd2 Rdc8 27.
h3 Rc1 28. Kh2 R1c7 29. Qh4 Ba4 30. Nf3 Rc2 31. Ree2 Rxd2 32. Rxd2 f6 33. Qg3
Kf7 34. Nh4 Qh5 35. d5 exd5 36. f5 gxf5 37. Rxd5 f4 38. Qd3 Qxh4 39. Rd7+ Kg8
40. Qd5+ Kh8 0-1

[Event "Sunningdale e2e4 Seniors op 04"]
[Site "Sunningdale"]
[Date "2014.04.17"]
[Round "1"]
[White "Berry, Stephen H"]
[Black "Tucker, David Sidney"]
[Result "1/2-1/2"]
[WhiteElo "2321"]
[BlackElo "2061"]
[PlyCount "75"]
[EventDate "2014.04.17"]
[EventType "swiss"]
[EventRounds "5"]
[EventCountry "ENG"]
[SourceTitle "EXT 2015"]
[Source "ChessBase"]
[SourceDate "2014.11.20"]
[SourceVersion "1"]
[SourceVersionDate "2014.11.20"]
[SourceQuality "1"]

1. c4 c5 2. g3 g6 3. Bg2 Bg7 4. Nc3 Nc6 5. Nf3 Nf6 6. d4 cxd4 7. Nxd4 O-O 8.
O-O Nxd4 9. Qxd4 d6 10. Qd3 Bf5 11. e4 Be6 12. b3 Qd7 13. Bb2 Bh3 14. Rad1 Bxg2
15. Kxg2 Rac8 16. Rfe1 Rfd8 17. Qe2 Qg4 18. f3 Qe6 19. Qf2 a6 20. Nd5 Nxd5 21.
exd5 Qd7 22. Bxg7 Kxg7 23. Qd4+ Kg8 24. Re4 Rc7 25. Rde1 b5 26. Qe3 Re8 27. h4
bxc4 28. bxc4 e5 29. dxe6 Rxe6 30. Rxe6 Qxe6 31. Qxe6 fxe6 32. Rxe6 Rxc4 33.
Rxd6 Rc2+ 34. Kh3 Rxa2 35. Kg4 Ra4+ 36. f4 Ra5 37. f5 Rxf5 38. Rxa6 1/2-1/2

[Event "Sunningdale e2e4 Seniors op 04"]
[Site "Sunningdale"]
[Date "2014.04.18"]
[Round "2"]
[White "Stuttard, Terence J"]
[Black "Berry, Stephen H"]
[Result "0-1"]
[WhiteElo "2034"]
[BlackElo "2321"]
[PlyCount "68"]
[EventDate "2014.04.17"]
[EventType "swiss"]
[EventRounds "5"]
[EventCountry "ENG"]
[SourceTitle "EXT 2015"]
[Source "ChessBase"]
[SourceDate "2014.11.20"]
[SourceVersion "1"]
[SourceVersionDate "2014.11.20"]
[SourceQuality "1"]

1. c4 e5 2. Nc3 d6 3. g3 f5 4. Bg2 Nf6 5. e3 Be7 6. Nge2 O-O 7. O-O c6 8. d4
Na6 9. Rb1 Nc7 10. b4 Be6 11. d5 cxd5 12. cxd5 Bd7 13. Qb3 Qe8 14. f4 e4 15. b5
Qf7 16. Rd1 Rfc8 17. a4 Bf8 18. h3 Nfxd5 19. Nxd5 Be6 20. Nec3 Nxd5 21. Nxd5
Rc5 22. Ba3 Rxd5 23. Rxd5 Bxd5 24. Qc3 Bc4 25. g4 d5 26. Bxf8 Rxf8 27. gxf5
Qxf5 28. Qd4 b6 29. Bf1 Bxf1 30. Rxf1 Rc8 31. Rd1 Rc5 32. a5 h6 33. axb6 axb6
34. Ra1 Qxh3 0-1

[Event "Sunningdale e2e4 Seniors op 04"]
[Site "Sunningdale"]
[Date "2014.04.19"]
[Round "3"]
[White "Berry, Stephen H"]
[Black "James, Geoffrey H"]
[Result "1-0"]
[WhiteElo "2321"]
[BlackElo "2167"]
[PlyCount "39"]
[EventDate "2014.04.17"]
[EventType "swiss"]
[EventRounds "5"]
[EventCountry "ENG"]
[SourceTitle "EXT 2015"]
[Source "ChessBase"]
[SourceDate "2014.11.20"]
[SourceVersion "1"]
[SourceVersionDate "2014.11.20"]
[SourceQuality "1"]

1. c4 e5 2. Nc3 Nf6 3. Nf3 Nc6 4. e3 Bb4 5. Qc2 d6 6. Nd5 Bc5 7. a3 a5 8. b3
O-O 9. Bb2 Nxd5 10. cxd5 Ne7 11. Nxe5 Nxd5 12. Nf3 Qe7 13. Be2 Bg4 14. O-O Bh5
15. Qf5 Bxf3 16. Bxf3 c6 17. Bxd5 cxd5 18. Qxd5 Qe6 19. Qd3 d5 20. Qc3 1-0

[Event "Sunningdale e2e4 Seniors op 04"]
[Site "Sunningdale"]
[Date "2014.04.20"]
[Round "4"]
[White "Jackson, Oliver A"]
[Black "Berry, Stephen H"]
[Result "0-1"]
[WhiteElo "2122"]
[BlackElo "2321"]
[PlyCount "70"]
[EventDate "2014.04.17"]
[EventType "swiss"]
[EventRounds "5"]
[EventCountry "ENG"]
[SourceTitle "EXT 2015"]
[Source "ChessBase"]
[SourceDate "2014.11.20"]
[SourceVersion "1"]
[SourceVersionDate "2014.11.20"]
[SourceQuality "1"]

1. e4 e5 2. Nc3 Nf6 3. Bc4 Nc6 4. d3 Bb4 5. Nge2 d5 6. exd5 Nxd5 7. O-O Be6 8.
Ne4 Be7 9. N2g3 O-O 10. Qh5 Qd7 11. h3 Rad8 12. Bg5 f6 13. Bd2 Nf4 14. Bxf4
Bxc4 15. dxc4 exf4 16. Nf5 g6 17. Nxe7+ Qxe7 18. Qe2 Nd4 19. Qd3 f5 20. Nc3 f3
21. gxf3 Qh4 22. f4 Nb3 23. Qf3 Nxa1 24. Rxa1 c6 25. Re1 Rfe8 26. Re2 Rxe2 27.
Nxe2 Qf6 28. c3 Qe6 29. Nd4 Qxc4 30. Qg3 Qd5 31. Qg5 Re8 32. Kh2 c5 33. Nb3 Re1
34. Qg2 Qxg2+ 35. Kxg2 b6 0-1

[Event "Ron Bruce Premier"]
[Site "Paignton"]
[Date "2014.08.31"]
[Round "1"]
[White "Berry, Stephen H"]
[Black "Pegg, Russell M"]
[Result "1-0"]
[WhiteElo "2321"]
[BlackElo "1986"]
[PlyCount "57"]
[EventDate "2014.08.31"]
[EventType "swiss"]
[EventRounds "7"]
[EventCountry "ENG"]

1. Nf3 d6 2. d4 f5 3. Nc3 g6 4. e4 fxe4 5. Nxe4 Nf6 6. Bd3 Bg7 7. Neg5 Nc6 8.
Qe2 Bg4 9. Ne6 Bxe6 10. Qxe6 Qd7 11. Ng5 O-O-O 12. Qxd7+ Rxd7 13. Ne6 Ne8 14.
c3 Bf6 15. Bh6 d5 16. O-O Rg8 17. Rae1 Ng7 18. Bxg7 Bxg7 19. f4 Bf6 20. g4 Re8
21. g5 Bh8 22. f5 Nd8 23. fxg6 Rg8 24. Rf8 Rxf8 25. Nxf8 Rd6 26. gxh7 e5 27.
dxe5 Rb6 28. Bf5+ Kb8 29. Nd7+ 1-0